00586nam a22001097a 4500040000800000082002700008100003800035245033400073260002600407300002800433856001500461 cRUA aVEM TEN 2015 B525 Or.1 aTENG DARA; តេង តារា aSurvey on native chickens diseases in doung som arth farm at dangkor district, phnom penh; អង្កេតជំងឺដែលជួបប្រទះចំពោះមាន់ស្រុកនៅកសិដ្ឋាន ឌួង សំអាត នៅខណ្ឌដង្កោ រាជធានីភ្នំពេញ aPhnom PenhbRUAc2015 aviii; 38p;bill;c29cm; u TENG DARA